00670nam a2200181 i 450000100060000000300090000600500170001500700030003200800410003510000280007624501030010426000410020730000340024870000350028285200320031799900170034995201220036687655ES-MaACL20230906175720.0t|041222s1963 sp ||||1| spa d1 aKulternann, Udo.96901510aArquitectura moderna en Africa / cUdo Kulternamm ; versión española de José María Lafora. aBarcelona : bGustavo Gili, c[1963] aLVI p., 182 lám. ; c27 cm.1 aLafora, José María.969510 aES-MaACLjC-23989 bR.52963 c87655d87655 00104070aATENEOMbATENEOMcDEPO2d2008-01-17eSCl0oC-23989p1091573r2023-02-23 00:00:00w2023-02-23yMONOGRAFIA